Surveying, theory and practice / (Record no. 544107)
[ view plain ]
| 000 -LEADER | |
|---|---|
| fixed length control field | 01138cam a2200289 a 4500 |
| 020 ## - INTERNATIONAL STANDARD BOOK NUMBER | |
| International Standard Book Number | 0070159149 (alk. paper) |
| 082 00 - DEWEY DECIMAL CLASSIFICATION NUMBER | |
| Classification number | 526.9 |
| Author Mark | AND |
| -- | N-01,P-89 |
| 100 1# - MAIN ENTRY--PERSONAL NAME | |
| Personal name | Anderson, J. M. |
| 9 (RLIN) | 26076 |
| 245 10 - TITLE STATEMENT | |
| Title | Surveying, theory and practice / |
| Statement of responsibility, etc. | James M. Anderson. Edward M. Mikhail. |
| 250 ## - EDITION STATEMENT | |
| Edition statement | 7th ed. |
| 260 ## - PUBLICATION, DISTRIBUTION, ETC. | |
| Place of publication, distribution, etc. | Boston : |
| Name of publisher, distributor, etc. | WCB/McGraw-Hill, |
| Date of publication, distribution, etc. | c1998. |
| 300 ## - PHYSICAL DESCRIPTION | |
| Extent | xxix, 1167 p. : |
| Other physical details | ill., maps ; |
| Dimensions | 25 cm. |
| 500 ## - GENERAL NOTE | |
| General note | A typical topographic map of the U.S. Geological Survey on inside front cover. |
| 500 ## - GENERAL NOTE | |
| General note | Rev. ed. of: Surveying, theory and practice / Raymond E. Davis ... [et al.]. 1981. |
| 526 ## - STUDY PROGRAM INFORMATION NOTE | |
| Program name | 0 |
| Interest level | 0 |
| Reading level | 0 |
| Title point value | 526_900000000000000_AND |
| 526 ## - STUDY PROGRAM INFORMATION NOTE | |
| Program name | 0 |
| Interest level | 0 |
| Reading level | 0 |
| Title point value | 526_900000000000000_AND |
| 526 ## - STUDY PROGRAM INFORMATION NOTE | |
| Program name | 0 |
| Interest level | 0 |
| Reading level | 0 |
| Title point value | 526_900000000000000_AND |
| 526 ## - STUDY PROGRAM INFORMATION NOTE | |
| Program name | 0 |
| Interest level | 0 |
| Reading level | 0 |
| Title point value | 526_900000000000000_AND |
| 526 ## - STUDY PROGRAM INFORMATION NOTE | |
| Program name | 0 |
| Interest level | 0 |
| Reading level | 0 |
| Title point value | 526_900000000000000_AND |
| 526 ## - STUDY PROGRAM INFORMATION NOTE | |
| Program name | 0 |
| Interest level | 0 |
| Reading level | 0 |
| Title point value | 526_900000000000000_AND |
| 650 #0 - SUBJECT ADDED ENTRY--TOPICAL TERM | |
| Topical term or geographic name entry element | MCE |
| 9 (RLIN) | 379 |
| 650 #0 - SUBJECT ADDED ENTRY--TOPICAL TERM | |
| Topical term or geographic name entry element | Surveying. |
| 700 1# - ADDED ENTRY--PERSONAL NAME | |
| Personal name | Mikhail, Edward M. |
| 9 (RLIN) | 26078 |
| 856 41 - ELECTRONIC LOCATION AND ACCESS | |
| Uniform Resource Identifier | <a href="http://www.loc.gov/catdir/toc/mh022/97028584.html">http://www.loc.gov/catdir/toc/mh022/97028584.html</a> |
| 856 42 - ELECTRONIC LOCATION AND ACCESS | |
| Uniform Resource Identifier | <a href="http://www.loc.gov/catdir/description/mh023/97028584.html">http://www.loc.gov/catdir/description/mh023/97028584.html</a> |
| 942 ## - ADDED ENTRY ELEMENTS (KOHA) | |
| Source of classification or shelving scheme | |
| Koha item type | Book |
| Withdrawn status | Lost status | Source of classification or shelving scheme | Damaged status | Not for loan | Permanent Location | Current Location | Date acquired | Total Checkouts | Full call number | Barcode | Date last seen | Price effective from | Koha item type | Total Renewals | Date last checked out |
|---|---|---|---|---|---|---|---|---|---|---|---|---|---|---|---|
| Military College of Engineering (MCE) | Military College of Engineering (MCE) | 04/11/2014 | 526.9 AND | MCE-44471 | 04/11/2014 | 04/11/2014 | Book | ||||||||
| Military College of Engineering (MCE) | Military College of Engineering (MCE) | 04/11/2014 | 2 | 526.9 AND | MCE-36594 | 01/30/2019 | 04/11/2014 | Book | 1 | 01/10/2019 | |||||
| Military College of Engineering (MCE) | Military College of Engineering (MCE) | 04/11/2014 | 526.9 AND | MCE-36595 | 04/11/2014 | 04/11/2014 | Book | ||||||||
| Military College of Engineering (MCE) | Military College of Engineering (MCE) | 04/11/2014 | 526.9 AND | MCE-36597 | 04/11/2014 | 04/11/2014 | Book | ||||||||
| Military College of Engineering (MCE) | Military College of Engineering (MCE) | 04/11/2014 | 526.9 AND | MCE-36596 | 04/11/2014 | 04/11/2014 | Book | ||||||||
| Military College of Engineering (MCE) | Military College of Engineering (MCE) | 04/11/2014 | 526.9 AND | MCE-36598 | 04/11/2014 | 04/11/2014 | Book |
